[Event "NÃ– Landesliga 2016/2017"]
[Site "?"]
[Date "2017.03.26"]
[Round "10.5"]
[White "Ebner, Johann"]
[Black "Ehs, Dominik"]
[Result "1/2-1/2"]
[WhiteElo "2064"]
[BlackElo "2108"]
[PlyCount "35"]
[EventDate "2016.10.02"]

1. d4 Nf6 2. c4 g6 3. Nc3 Bg7 4. e4 d6 5. h3 O-O 6. Be3 e5 7. d5 a5 8. g4 Nfd7
9. Nge2 Na6 10. Ng3 Ndc5 11. h4 f5 12. gxf5 gxf5 13. exf5 Bxf5 14. Nxf5 Rxf5
15. Qg4 Rf7 16. h5 Kh8 17. h6 Bf6 18. Rg1 1/2-1/2

[Event "NÃ– Landesliga 2016/2017"]
[Site "?"]
[Date "2017.04.23"]
[Round "11.1"]
[White "Lovrinovic, Christian"]
[Black "Reinwald, Patrick"]
[Result "0-1"]
[WhiteElo "2157"]
[BlackElo "2140"]
[PlyCount "44"]
[EventDate "2016.10.02"]

1. d4 Nf6 2. c4 e6 3. Nc3 Bb4 4. g3 O-O 5. Bg2 d5 6. a3 Be7 7. Qd3 c6 8. Nf3 b6
9. O-O Ba6 10. b3 Nbd7 11. Bb2 c5 12. e3 Rc8 13. Nd2 dxc4 14. bxc4 Ne5 15. Qc2
cxd4 16. exd4 Nxc4 17. Nxc4 Bxc4 18. Rfd1 Nd5 19. Qa4 Nxc3 20. Bxc3 Bd5 21.
Bxd5 Qxd5 22. Qxa7 Bd8 0-1

[Event "NÃ– Landesliga 2016/2017"]
[Site "?"]
[Date "2017.04.23"]
[Round "11.1"]
[White "Wetscherek, Gerhard"]
[Black "Hellmayr, Alois"]
[Result "0-1"]
[WhiteElo "2137"]
[BlackElo "2252"]
[PlyCount "36"]
[EventDate "2016.10.02"]

1. e4 c5 2. Nf3 e6 3. c3 d5 4. exd5 Qxd5 5. d4 cxd4 6. cxd4 Nf6 7. Nc3 Qd6 8.
Bc4 Be7 9. O-O O-O 10. Qe2 Bd7 11. Rd1 Bc6 12. Bg5 Re8 13. d5 exd5 14. Nxd5
Nxd5 15. Rxd5 Bxd5 16. Rd1 Bxc4 17. Qc2 Qg6 18. Qxc4 Nc6 0-1

[Event "NÃ– Landesliga 2016/2017"]
[Site "?"]
[Date "2017.04.23"]
[Round "11.1"]
[White "Ebner, Johann"]
[Black "Seidler, Dieter"]
[Result "1/2-1/2"]
[WhiteElo "2064"]
[BlackElo "2017"]
[PlyCount "78"]
[EventDate "2016.10.02"]

1. d4 e6 2. c4 d5 3. Nc3 Nf6 4. Bf4 c6 5. e3 Bd6 6. Bxd6 Qxd6 7. c5 Qe7 8. f4
b6 9. b4 Ba6 10. Bxa6 Nxa6 11. Qa4 Qb7 12. Nf3 O-O 13. O-O b5 14. Qa5 Nd7 15.
Ne5 Rfd8 16. Nxd7 Rxd7 17. a4 bxa4 18. Rxa4 Nc7 19. Rb1 a6 20. Ra2 f6 21. Na4
Re7 22. Qb6 Rb8 23. Rf1 e5 24. fxe5 fxe5 25. Raf2 Ne6 26. dxe5 Qc8 27. Qa5 Rb5
28. Nb6 Qb8 29. Qxa6 Ra7 30. Qc8+ Qxc8 31. Nxc8 Rc7 32. Nd6 Rxb4 33. Ra2 h6 34.
Ra8+ Kh7 35. Re8 Nxc5 36. e6 Ne4 37. Nxe4 Rxe4 38. Rf7 Rxe6 39. Rxe6 Rxf7
1/2-1/2

[Event "NÃ– Landesliga 2016/2017"]
[Site "?"]
[Date "2017.04.23"]
[Round "11.2"]
[White "Rumpl, Erwin"]
[Black "Lechner, Daniel"]
[Result "1/2-1/2"]
[WhiteElo "2318"]
[BlackElo "2220"]
[PlyCount "85"]
[EventDate "2016.10.02"]

1. e4 c5 2. Nf3 d6 3. d4 cxd4 4. Qxd4 a6 5. c4 Nc6 6. Qd2 Nf6 7. Nc3 g6 8. Be2
Bg7 9. O-O O-O 10. Rb1 Nd7 11. b4 Nde5 12. Nxe5 Nxe5 13. Bb2 Be6 14. Nd5 Rc8
15. Rbc1 f6 16. Bd4 Bxd5 17. exd5 Kh8 18. Qe3 Qd7 19. f4 Nf7 20. Bf3 Nd8 21.
Rfe1 Re8 22. Qd3 e5 23. dxe6 Nxe6 24. Be3 Qc7 25. f5 Nf8 26. Bd5 Re5 27. fxg6
Nxg6 28. Bd4 Rxe1+ 29. Rxe1 Ne5 30. Bxe5 fxe5 31. Qh3 Rf8 32. Kh1 b5 33. cxb5
axb5 34. Qd3 Qb6 35. Rf1 Rxf1+ 36. Qxf1 Qd4 37. Bc6 Qxb4 38. Bxb5 d5 39. Qf5 h6
40. Qc8+ Kh7 41. Qf5+ Kh8 42. Qc8+ Kh7 43. Qf5+ 1/2-1/2

[Event "NÃ– Landesliga 2016/2017"]
[Site "?"]
[Date "2017.04.23"]
[Round "11.2"]
[White "Haas, Bernhard"]
[Black "Koller, Hans-JÃ¼rgen"]
[Result "0-1"]
[WhiteElo "2013"]
[BlackElo "2120"]
[PlyCount "62"]
[EventDate "2016.10.02"]

1. d4 Nf6 2. c4 c5 3. d5 e6 4. Nc3 exd5 5. cxd5 d6 6. g3 g6 7. Bg2 Bg7 8. Nf3
O-O 9. O-O a6 10. a4 Re8 11. Nd2 Nbd7 12. h3 Rb8 13. Nc4 Ne5 14. Na3 Nh5 15.
Kh2 f5 16. f4 Nf7 17. Qd3 Nf6 18. Nc4 Bd7 19. a5 Bb5 20. Re1 h5 21. e4 h4 22.
gxh4 Ng4+ 23. Kg1 Qxh4 24. Be3 Nxe3 25. Rxe3 Bxc4 26. Qxc4 Bd4 27. Qd3 Qxf4 28.
Rae1 Ne5 29. Qf1 Qxf1+ 30. Kxf1 Bxe3 31. Rxe3 f4 0-1

[Event "NÃ– Landesliga 2016/2017"]
[Site "?"]
[Date "2017.04.23"]
[Round "11.2"]
[White "Wadsack, Winfried"]
[Black "Csillag, Ferenc"]
[Result "1-0"]
[WhiteElo "2158"]
[BlackElo "1861"]
[PlyCount "45"]
[EventDate "2016.10.02"]

1. e4 e5 2. Nf3 Nf6 3. Nxe5 d6 4. Nf3 Nxe4 5. d4 d5 6. Bd3 Be7 7. O-O O-O 8. c4
c6 9. Qc2 f5 10. cxd5 cxd5 11. Nc3 Nc6 12. Nxd5 Be6 13. Nxe7+ Qxe7 14. Bxe4 Nb4
15. Qe2 fxe4 16. Qxe4 Qd6 17. Bd2 Rae8 18. Bxb4 Qxb4 19. Ng5 g6 20. Nxe6 Rf6
21. a3 Qc4 22. Qxb7 Rfxe6 23. Qxa7 1-0

[Event "NÃ– Landesliga 2016/2017"]
[Site "?"]
[Date "2017.04.23"]
[Round "11.2"]
[White "Salamon, Joachim"]
[Black "Dumancic, Pero"]
[Result "1/2-1/2"]
[WhiteElo "1895"]
[BlackElo "2062"]
[PlyCount "108"]
[EventDate "2016.10.02"]

1. d4 Nf6 2. Nf3 e6 3. c4 d5 4. Nc3 c6 5. Bf4 h6 6. e3 Bb4 7. Bd3 Qa5 8. Qc2
dxc4 9. Bxc4 Nd5 10. Bxd5 exd5 11. O-O O-O 12. h3 Nd7 13. a3 Bxc3 14. bxc3 Nb6
15. Bc7 Qa4 16. Qxa4 Nxa4 17. Rfc1 Be6 18. Rab1 b5 19. Nd2 Bf5 20. Ra1 Rfe8 21.
Nb3 Rac8 22. Bd6 Nb2 23. Nc5 Nd3 24. Nxd3 Bxd3 25. Rd1 Bc2 26. Rd2 Ba4 27. Re1
Bb3 28. Bc5 a5 29. Bb6 a4 30. Bc5 Re6 31. Bb6 g5 32. g3 f5 33. f4 gxf4 34. gxf4
Rce8 35. Kf2 R8e7 36. Rg1+ Kf7 37. Rg3 Rg6 38. Rxg6 Kxg6 39. Kf3 Kf7 40. Rg2
Bd1+ 41. Kf2 Bc2 42. Rg3 Rd7 43. Bc5 Bd1 44. Ke1 Bh5 45. Kf2 Bg6 46. Kf1 Rd8
47. Kf2 Bh5 48. Bb6 Rd6 49. Bc5 Rf6 50. Bb6 Bd1 51. Rg1 Bc2 52. Rg3 h5 53. Rg5
Rh6 54. h4 Be4 1/2-1/2

[Event "NÃ– Landesliga 2016/2017"]
[Site "?"]
[Date "2017.04.23"]
[Round "11.3"]
[White "Vrana, Frantisek"]
[Black "Vyskocil, Neklan"]
[Result "1/2-1/2"]
[WhiteElo "2200"]
[BlackElo "2323"]
[PlyCount "31"]
[EventDate "2016.10.02"]

1. d4 d5 2. Nf3 Nc6 3. Bf4 Bg4 4. Nbd2 e6 5. c3 Bd6 6. Bg3 Nf6 7. Qb3 Rb8 8. e3
O-O 9. Bb5 Ne7 10. Ne5 Nf5 11. Bf4 Bh5 12. h3 Bg6 13. g4 Ne7 14. f3 a6 15. Be2
Nd7 16. h4 1/2-1/2

[Event "NÃ– Landesliga 2016/2017"]
[Site "?"]
[Date "2017.04.23"]
[Round "11.3"]
[White "Buchnicek, Petr"]
[Black "Gasa, Andrej"]
[Result "1/2-1/2"]
[WhiteElo "2310"]
[BlackElo "2284"]
[PlyCount "98"]
[EventDate "2016.10.02"]

1. d4 Nf6 2. Bg5 Ne4 3. h4 d5 4. Nd2 Nxd2 5. Qxd2 c6 6. e3 Qb6 7. O-O-O Bf5 8.
h5 h6 9. Bh4 e6 10. f3 Bb4 11. c3 Bd6 12. g4 Bh7 13. Bd3 Bxd3 14. Qxd3 Qa6 15.
Qxa6 Nxa6 16. e4 b5 17. e5 Be7 18. f4 c5 19. Nf3 c4 20. f5 Bf8 21. f6 g5 22.
hxg6 fxg6 23. Rdf1 Rh7 24. Bg5 b4 25. Kc2 Rb8 26. Bc1 bxc3 27. bxc3 Rhb7 28.
f7+ Rxf7 29. Bxh6 Kd7 30. Bc1 Be7 31. Ng5 Rxf1 32. Rxf1 Rh8 33. Rf7 Rh2+ 34.
Kb1 Rh1 35. Kc2 Rh2+ 36. Kb1 Rh1 37. Rg7 Nc7 38. a4 Ke8 39. Rg8+ Kd7 40. Rg7
Rg1 41. Nh7 Kd8 42. Rg8+ Kd7 43. Kc2 Rg2+ 44. Bd2 Bh4 45. Kd1 Rg1+ 46. Ke2 Rg2+
47. Ke3 Rg3+ 48. Ke2 Rg2+ 49. Ke3 Rg3+ 1/2-1/2

[Event "NÃ– Landesliga 2016/2017"]
[Site "?"]
[Date "2017.04.23"]
[Round "11.3"]
[White "Hofmann, Thomas"]
[Black "Zwettler, Martin"]
[Result "0-1"]
[WhiteElo "2260"]
[BlackElo "2224"]
[PlyCount "86"]
[EventDate "2016.10.02"]

1. d4 d6 2. c4 g6 3. Nc3 Bg7 4. e4 e5 5. d5 f5 6. exf5 Bxf5 7. g4 Bd7 8. Be2
Na6 9. Be3 b6 10. Nf3 Nc5 11. Nd2 Qh4 12. Nde4 Bh6 13. Qd2 Nxe4 14. Nxe4 Bxe3
15. Qxe3 Nf6 16. Nxf6+ Qxf6 17. g5 Qf7 18. O-O-O O-O 19. Rdf1 Qf4 20. Kd2 Qh4
21. Ke1 Rf7 22. h3 a5 23. Rfg1 Raf8 24. Rh2 b5 25. Bg4 bxc4 26. Bxd7 Rxd7 27.
Rg4 Qh5 28. Qc3 Rdf7 29. Qxc4 Rf4 30. Qe2 Rf3 31. Qf1 R8f4 32. Qa6 Rf7 33. Qc8+
Kg7 34. h4 Rd3 35. Rhg2 Rxd5 36. R2g3 e4 37. Kf1 Rdf5 38. Rg2 e3 39. Ke2 exf2
40. Kf1 d5 41. Qe8 c5 42. Qa4 d4 43. Qxa5 Re7 0-1

[Event "NÃ– Landesliga 2016/2017"]
[Site "?"]
[Date "2017.04.23"]
[Round "11.3"]
[White "Lipp, Alfred"]
[Black "Teuber, Andreas"]
[Result "1/2-1/2"]
[WhiteElo "2113"]
[BlackElo "2167"]
[PlyCount "67"]
[EventDate "2016.10.02"]

1. d4 d5 2. c4 dxc4 3. Nf3 Nf6 4. e3 e6 5. Bxc4 c5 6. O-O a6 7. Qe2 b5 8. Bb3
Bb7 9. Rd1 Nbd7 10. a4 b4 11. Nbd2 Be7 12. a5 Qc7 13. h3 O-O 14. Nc4 Rac8 15.
Bd2 Bd5 16. Rdc1 Qb7 17. Bd1 Rc7 18. Qf1 Ne4 19. Be2 Ra8 20. Be1 Bf6 21. Nce5
Bxe5 22. Nxe5 Nxe5 23. dxe5 f6 24. f3 Ng5 25. exf6 gxf6 26. e4 Bb3 27. Bf2 Qc8
28. Bc4 Bxc4 29. Rxc4 e5 30. Rd1 Rc6 31. Rd5 Ne6 32. Be3 Ra7 33. Qd3 Rg7 34.
Kh1 1/2-1/2

[Event "NÃ– Landesliga 2016/2017"]
[Site "?"]
[Date "2017.04.23"]
[Round "11.4"]
[White "GrÃ¶tz, Harald"]
[Black "Bauer, Thomas"]
[Result "1-0"]
[WhiteElo "2272"]
[BlackElo "2102"]
[PlyCount "43"]
[EventDate "2016.10.02"]

1. Nf3 f5 2. b3 Nf6 3. Bb2 g6 4. g3 Bg7 5. Bg2 O-O 6. O-O d6 7. d4 Ne4 8. Nbd2
Nc6 9. e3 b6 10. Qe2 Kh8 11. c4 e6 12. Rac1 a5 13. Nxe4 fxe4 14. Nd2 d5 15.
cxd5 Ba6 16. Qg4 Nb4 17. dxe6 Nd3 18. Ba3 Rf5 19. Bxe4 Nxf2 20. Rxf2 Rxf2 21.
Kxf2 Bxd4 22. e7 1-0

[Event "NÃ– Landesliga 2016/2017"]
[Site "?"]
[Date "2017.04.23"]
[Round "11.4"]
[White "Khalakhan, Jurij"]
[Black "Piringer, Florian"]
[Result "0-1"]
[WhiteElo "2197"]
[BlackElo "2166"]
[PlyCount "50"]
[EventDate "2016.10.02"]

1. e4 e5 2. Nf3 Nc6 3. Bc4 Bc5 4. b4 Bxb4 5. c3 Ba5 6. d4 b5 7. Bxb5 Nxd4 8.
Nxd4 exd4 9. Qxd4 Qf6 10. O-O Bb6 11. Qd3 Ne7 12. Nd2 a6 13. Bc4 O-O 14. Nf3
Nc6 15. Rb1 d6 16. Bd5 Bd7 17. e5 Nxe5 18. Nxe5 Qxe5 19. Bxa8 Bf5 20. Qxa6 Bxb1
21. Bd2 Qf5 22. Qc4 Rxa8 23. Be3 Bd3 24. Qc6 Be4 25. Qc4 Qg4 0-1

[Event "NÃ– Landesliga 2016/2017"]
[Site "?"]
[Date "2017.04.23"]
[Round "11.4"]
[White "Schmid, Thomas"]
[Black "Plasil, Jiri"]
[Result "0-1"]
[WhiteElo "2110"]
[BlackElo "2065"]
[PlyCount "108"]
[EventDate "2016.10.02"]

1. e4 d5 2. exd5 Qxd5 3. Nc3 Qa5 4. d4 Nf6 5. Nf3 Bg4 6. h3 Bxf3 7. Qxf3 c6 8.
Bd2 Qb6 9. O-O-O e6 10. Bf4 Nbd7 11. g4 Bb4 12. Ne4 Nxe4 13. Qxe4 Qa5 14. Kb1
Nf6 15. Qe5 Qxe5 16. Bxe5 Ne4 17. Rh2 Nd2+ 18. Kc1 Nxf1 19. Rxf1 O-O 20. c3 Be7
21. h4 Rfd8 22. g5 Rac8 23. f3 f6 24. gxf6 gxf6 25. Bf4 Kf7 26. Rg2 Rg8 27.
Rfg1 Rxg2 28. Rxg2 h5 29. Bh6 Rg8 30. Rxg8 Kxg8 31. Bf4 Kf7 32. Kd2 Kg6 33. Kd3
Kf5 34. Bg3 Bf8 35. a4 Bh6 36. b4 Bf4 37. Bf2 a6 38. a5 Bd6 39. Be3 Bg3 40. Kc4
Bxh4 41. Kc5 Be1 42. Kb6 h4 43. Kxb7 h3 44. Bg1 Bxc3 45. Kxa6 Bxb4 46. Kb6
Bxa5+ 47. Kxa5 Kf4 48. Kb6 Kxf3 49. Bh2 Kg2 50. Bf4 h2 51. Bxh2 Kxh2 52. Kxc6
f5 53. Kd6 f4 54. Kxe6 f3 0-1

[Event "NÃ– Landesliga 2016/2017"]
[Site "?"]
[Date "2017.04.23"]
[Round "11.4"]
[White "Popelka, Oldrich"]
[Black "Amberger, Dieter"]
[Result "1-0"]
[WhiteElo "2171"]
[BlackElo "2050"]
[PlyCount "48"]
[EventDate "2016.10.02"]

1. c4 e6 2. Nc3 Nf6 3. e4 d5 4. cxd5 exd5 5. e5 d4 6. exf6 dxc3 7. Qe2+ Be6 8.
dxc3 Qxf6 9. Qb5+ Nd7 10. Nf3 Bc5 11. Bd3 h6 12. Qxb7 O-O 13. Qe4 g6 14. O-O
Bf5 15. Qc4 Bxd3 16. Qxd3 Rad8 17. Qc4 g5 18. h4 gxh4 19. Qxh4 Kg7 20. Bf4 Bb6
21. Rad1 Qg6 22. Rxd7 Rxd7 23. Ne5 Rd6 24. Nxg6 Rxg6 1-0

[Event "NÃ– Landesliga 2016/2017"]
[Site "?"]
[Date "2017.04.23"]
[Round "11.5"]
[White "Kleiser, Gregor"]
[Black "Lendwai, Reinhard"]
[Result "0-1"]
[WhiteElo "2252"]
[BlackElo "2383"]
[PlyCount "114"]
[EventDate "2016.10.02"]

1. d4 Nf6 2. c4 e6 3. Nf3 d5 4. g3 Bb4+ 5. Bd2 Be7 6. Bg2 O-O 7. O-O c6 8. Qc2
b6 9. Nc3 Ba6 10. cxd5 cxd5 11. Ne5 Nfd7 12. Bf4 Nxe5 13. Bxe5 Nd7 14. Rac1 b5
15. Rfd1 Rc8 16. Bf4 g5 17. Be3 Nb6 18. Qb3 b4 19. Na4 Bxe2 20. Rxc8 Nxc8 21.
Rc1 Bc4 22. Qc2 Nd6 23. b3 Bb5 24. Nc5 Nf5 25. Qd2 a5 26. Bh3 Ng7 27. f4 h6 28.
Qc2 Bf6 29. Nb7 Qb6 30. Qc7 Qxc7 31. Rxc7 gxf4 32. gxf4 Bd3 33. Rc5 Bf5 34. Bf1
Bb1 35. Bh3 a4 36. bxa4 Bxa2 37. Rb5 b3 38. Nc5 Rc8 39. a5 Ne8 40. a6 Nc7 41.
Rb6 Nxa6 42. Nxe6 Rb8 43. Rxa6 b2 44. Bf5 fxe6 45. Bxe6+ Kg7 46. Ra7+ Be7 47.
Bf5 Kf6 48. Bh7 b1=Q+ 49. Bxb1 Rxb1+ 50. Kf2 Bc4 51. Kf3 Rb3 52. Rc7 h5 53.
Rc6+ Kf5 54. Rh6 h4 55. Rh5+ Kg6 56. Re5 Bf6 57. f5+ Kf7 0-1

[Event "NÃ– Landesliga 2016/2017"]
[Site "?"]
[Date "2017.04.23"]
[Round "11.5"]
[White "Woeber, Friedrich"]
[Black "Dzierzenga, Stefan"]
[Result "1/2-1/2"]
[WhiteElo "2116"]
[BlackElo "2221"]
[PlyCount "37"]
[EventDate "2016.10.02"]

1. e4 g6 2. d4 Bg7 3. Nc3 c6 4. Nf3 d6 5. Be2 Nd7 6. O-O Ngf6 7. e5 Nd5 8. Nxd5
cxd5 9. exd6 exd6 10. Bf4 Qb6 11. c3 O-O 12. Qb3 Re8 13. Qxb6 Nxb6 14. Bb5 Rd8
15. Rfe1 Bd7 16. Bd3 Bf8 17. Bg5 Re8 18. Rxe8 Rxe8 19. Re1 1/2-1/2

[Event "NÃ– Landesliga 2016/2017"]
[Site "?"]
[Date "2017.04.23"]
[Round "11.5"]
[White "Hofegger, Jakob"]
[Black "Gruszka, Herbert"]
[Result "1-0"]
[WhiteElo "2069"]
[BlackElo "2028"]
[PlyCount "127"]
[EventDate "2016.10.02"]

1. Nf3 Nf6 2. g3 c5 3. Bg2 Nc6 4. O-O d6 5. Re1 g6 6. e4 Bg7 7. c3 O-O 8. d3
Bg4 9. h3 Bd7 10. Be3 Qc7 11. Nbd2 Rfe8 12. Qe2 Rad8 13. d4 cxd4 14. cxd4 Qa5
15. a3 Rc8 16. Rac1 Nb8 17. Qd3 Bb5 18. Qb3 Qa4 19. Qxa4 Bxa4 20. d5 b6 21. Nd4
Bd7 22. b4 e6 23. b5 Rc5 24. Rxc5 bxc5 25. Nc6 a6 26. a4 axb5 27. axb5 Bf8 28.
Ra1 exd5 29. exd5 Bxh3 30. Bxh3 Nxd5 31. Ra8 Nc7 32. Rxb8 Rxb8 33. Nxb8 Nxb5
34. Nd7 Be7 35. Nb6 Nc3 36. Bg2 Bf8 37. Ndc4 Nb5 38. Bf4 h6 39. Kf1 g5 40. Bc1
Kg7 41. Bb2+ f6 42. Nd5 Nd4 43. Bxd4 cxd4 44. Be4 Kf7 45. Bf5 h5 46. Ke2 Kg7
47. Kd3 Kh6 48. Nxf6 h4 49. Bh3 Kg6 50. Nd5 hxg3 51. fxg3 Bg7 52. g4 Kf7 53.
Bg2 Ke6 54. Na3 Bh8 55. Nc2 Bg7 56. Nxd4+ Ke5 57. Nc6+ Ke6 58. Ke4 Bb2 59. Nd4+
Kf7 60. Nf3 Kg6 61. Nb6 Kf6 62. Kd5 Ba3 63. Nc4 Bb4 64. Nxd6 1-0